Fitzpatrick's dermatology. 2-Volume Set: volume 1 (Record no. 283)

000 -LEADER
fixed length control field 03517nam a22005537a 4500
001 - CONTROL NUMBER
control field 20681212
003 - CONTROL NUMBER IDENTIFIER
control field OSt
005 - DATE AND TIME OF LATEST TRANSACTION
control field 20241110174748.0
006 - FIXED-LENGTH DATA ELEMENTS--ADDITIONAL MATERIAL CHARACTERISTICS
fixed length control field m |o d |
007 - PHYSICAL DESCRIPTION FIXED FIELD--GENERAL INFORMATION
fixed length control field cr_|||||||||||
008 - FIXED-LENGTH DATA ELEMENTS--GENERAL INFORMATION
fixed length control field 180925m20199999nyu ob 001 0 eng
010 ## - LIBRARY OF CONGRESS CONTROL NUMBER
LC control number 2018046120
020 ## - INTERNATIONAL STANDARD BOOK NUMBER
International Standard Book Number 9780071837798
040 ## - CATALOGING SOURCE
Original cataloging agency DLC
Language of cataloging eng
Description conventions rda
Transcribing agency DLC
042 ## - AUTHENTICATION CODE
Authentication code pcc
050 10 - LIBRARY OF CONGRESS CALL NUMBER
Classification number RL71
080 ## - UNIVERSAL DECIMAL CLASSIFICATION NUMBER
Item number F-61
Universal Decimal Classification number 616.5
082 00 - DEWEY DECIMAL CLASSIFICATION NUMBER
Classification number 616.5
Edition number 23
084 ## - OTHER CLASSIFICATION NUMBER
Classification number MED016000
Number source bisacsh
100 ## - MAIN ENTRY--PERSONAL NAME
9 (RLIN) 151
Personal name Kang,Sewon
Relator term editor
130 0# - MAIN ENTRY--UNIFORM TITLE
Uniform title Fitzpatrick's dermatology in general medicine.
245 10 - TITLE STATEMENT
Title Fitzpatrick's dermatology. 2-Volume Set: volume 1
246 30 - VARYING FORM OF TITLE
Title proper/short title Dermatology
250 ## - EDITION STATEMENT
Edition statement Ninth edition /
Remainder of edition statement editors, Sewon Kang, MD [and six others]
260 ## - PUBLICATION, DISTRIBUTION, ETC.
Place of publication, distribution, etc. New York :
Name of publisher, distributor, etc. McGraw-Hill Education,
Date of publication, distribution, etc. 2019
300 ## - PHYSICAL DESCRIPTION
Extent 2197 p. index 136 p.
Other physical details ill
336 ## - CONTENT TYPE
Content type term text
Content type code txt
Source rdacontent
500 ## - GENERAL NOTE
General note Revision of: Fitzpatrick's dermatology in general medicine. 2012. 8th ed.
504 ## - BIBLIOGRAPHY, ETC. NOTE
Bibliography, etc. note Includes bibliographical references and index.
520 ## - SUMMARY, ETC.
Summary, etc. "The gold-standard text in dermatology, completely updated for today's practice by an all-new editorial board. Encyclopedic in scope, yet skillfully edited to make it easy to read and understand, this trusted classic delivers everything clinicians need to know about skin, skin symptoms, and skin diseases. Presented in full color, Fitzpatrick's covers all the essentials, from the basic science of skin to the day-to-day clinical issues of managing common skin disorders such as acne, skin cancer, and psoriasis. Backed by the expertise of more than 500 world-renowned contributors, and the reference of choice for clinicians, students, and educators, Fitzpatrick's is enhanced by thousands of full-color photographs and a wealth of newly enhanced tables and diagrams. The Ninth Edition is bolstered by a new global editorial team; a reorganized table of contents; a more simple, readable, and direct writing style, the incorporation of more genetic, syndromic, and treatment information into each chapter; the addition of first, second, and third line treatment options; and improved table presentation. The reorganized table of contents reflects how disease presents rather than its cause"--
Assigning source Provided by publisher.
520 ## - SUMMARY, ETC.
Summary, etc. "Important general basic science concepts are extensively covered in dedicated chapters appearing in an early section of the book, allowing subsequent clinical chapters to focus on relevant disease-specific pathophysiology in addition to clinical features, diagnosis, clinical course, and management"--
Assigning source Provided by publisher.
588 ## - SOURCE OF DESCRIPTION NOTE
Source of description note Description based on print version record and CIP data provided by publisher; resource not viewed.
650 #0 - SUBJECT ADDED ENTRY--TOPICAL TERM
Topical term or geographic name entry element Dermatology.
650 #0 - SUBJECT ADDED ENTRY--TOPICAL TERM
Topical term or geographic name entry element Skin
General subdivision Diseases.
650 #0 - SUBJECT ADDED ENTRY--TOPICAL TERM
Topical term or geographic name entry element Cutaneous manifestations of general diseases.
650 #7 - SUBJECT ADDED ENTRY--TOPICAL TERM
Topical term or geographic name entry element MEDICAL / Dentistry / General.
Source of heading or term bisacsh
653 ## - INDEX TERM--UNCONTROLLED
Uncontrolled term დერამტოლოგია
-- მედიცინა
700 1# - ADDED ENTRY--PERSONAL NAME
Personal name Kang, Sewon,
Relator term editor.
700 ## - ADDED ENTRY--PERSONAL NAME
Personal name Amagai,Masayuki
9 (RLIN) 155
700 ## - ADDED ENTRY--PERSONAL NAME
Personal name Bruckner, L. Anna
9 (RLIN) 156
700 ## - ADDED ENTRY--PERSONAL NAME
Personal name Enk,H.Alexander
9 (RLIN) 157
700 ## - ADDED ENTRY--PERSONAL NAME
Personal name Margolis,J.David
9 (RLIN) 158
700 ## - ADDED ENTRY--PERSONAL NAME
Personal name McMichael,J.Amy
9 (RLIN) 159
700 ## - ADDED ENTRY--PERSONAL NAME
Personal name Orringer,S.Jeffrey
9 (RLIN) 160
776 08 - ADDITIONAL PHYSICAL FORM ENTRY
Relationship information Print version:
Edition Ninth edition / editors, Sewon Kang, MD [and six others]
Place, publisher, and date of publication New York : McGraw-Hill Education, [2019]-
International Standard Book Number 9780071837798
Record control number (DLC) 2018044422
906 ## - LOCAL DATA ELEMENT F, LDF (RLIN)
a 7
b cbc
c origcop
d 1
e ecip
f 20
g y-gencatlg
942 ## - ADDED ENTRY ELEMENTS (KOHA)
Source of classification or shelving scheme
Koha item type Books
Holdings
Withdrawn status Lost status Source of classification or shelving scheme Damaged status Not for loan Permanent location Current location Date acquired Inventory number Full call number Barcode Date last seen Price effective from Koha item type
          Ken Walker International University Ken Walker International University 11/20/2020 932 616.5 F-61 932 11/20/2020 11/20/2020 Books

Powered by Koha